000 01129nam a2200265Ia 4500
001 641
003 GE_BSU
008 181216s||||||||xx |||||||||||||| ||und||
020 _a551100541X
040 _cGE_BSU
080 _a316(430)(092)+32.001(430)+274.5
100 _aკუტალია,გურამ
245 _aმარტის ლუთერის საზოგადოებრივ–პოლიტიკური შეხედულებანი
245 _cრედ. გ.ჟორდანია
260 _aთბილისი
260 _bთბილისის უნივერსიტეტის გამ–ბა
260 _c1993
300 _a225გვ.
541 _h6ლ.
653 _aმარტის ლუთერის საზოგადოებრივ–პოლიტიკური შეხედულებანი
653 _aპოლიტიკა
653 _aსაზოგადოება
653 _aსაზოგადოებრივ–პოლიტიკური შეხედულებანი
942 _cBK
999 _c34830
_d34830